00367nam a2200169Ia 4500003000400000005001700004008004100021040000700062041000800069082001300077100001700090245004300107260001100150300000900161650001200170700001500182OSt20251119103054.0250729s1900 xx 000 0 und d cAL aeng a800 IRVW aIrving Henry aThe works of william shakespeare vol-I aLondon a375p aFiction aMarshall A